000 00470nam a2200193Ia 4500
005 20240823053439.0
008 240823s9999||||xx |||||||||||||| ||und||
020 _a978-93-5038-252-3
041 _aENGLISH
082 _A621.382 Q2
100 _aChitode J S
245 0 _aAnalog & digital Communication
250 _a3rd
260 _c2012
_bTechanical Publica
500 _aYES
650 _aDigital Communication
_bElectronics
942 _cBK
999 _c224173
_d224173